Estudio integral de la Nm̤ina

Detalles Bibliográficos
Autor principal: Orozco Colln̕, Luis Angel
Formato: eBook
Lenguaje:español
Publicado: Mx̌ico D.F. : Ediciones Fiscales ISEF, 2011
Materias:
Acceso en línea:http://www.vlex.com/source/10982

MARC

LEADER 00000nam a22000007a 4500
005 20130404171450.0
007 cr|||| ||||
008 130404e2011 mx |||||s|||| 00||0 spa d
020 |a 978-607-406-280-9 
035 |a 10982 
040 |a vLex 
090 |c 4116  |d 4116 
100 1 0 |a Orozco Colln̕, Luis Angel  
245 1 0 |a Estudio integral de la Nm̤ina  |c / Luis Angel Orozco Colln̕   |h [Recurso electrn̤ico] 
256 |a Servicio en ln̕ea 
260 |a Mx̌ico D.F. :  |b Ediciones Fiscales ISEF,   |c 2011 
300 |a 1 Recurso electrn̤ico 
506 |a Contenido solo disponible en los productos indicados  |d vLex Global  |d vLex Global (Academic Edition, excluding Law Schools)  |d vLex Global (U.S. Academic Edition, Law Schools)  |d vLex Global (U.S. Academic Edition, excluding Law Schools)   |d vLex Global (Academic Edition, Law Schools) 
650 0 4 |a Derecho laboral y Seguridad Social  |z Mx̌ico 
650 0 4 |a Salarios  |z Mx̌ico 
740 |a vLex Libros (Servicio en ln̕ea) 
856 |a Acceso restringido  |u http://www.vlex.com/source/10982 
942 |c BOOK 
999 |a Labor law and legislation